Movie Posters VI Quiz Stats

 Plays Quiz Updated Jun 22, 2017

Support Sporcle.
Go Orange.
Score 0/24 Timer 06:00
5 Plays Today
% Correct
Night at the Museum
90.8%
Step Brothers
82.6%
Dirty Dancing
78.5%
Gremlins
78.3%
Kill Bill (Vol. 1)
77.6%
Zombieland
69%
The Iron Giant
66%
Megamind
62.9%
The Golden Compass
62.8%
Notting Hill
59%
Tron
58.5%
Gone with the Wind
58%
% Correct
American Psycho
53.7%
Walk the Line
51.6%
Almost Famous
50.2%
Casablanca
47.3%
Scott Pilgrim vs. the World
43.6%
Labyrinth
42.6%
Inception
39.7%
Blade Runner
35.4%
Rear Window
34.1%
L.A. Confidential
33.2%
The Hurt Locker
30.4%
Butch Cassidy and the Sundance Kid
23.7%

You're not logged in!

Compare scores with friends on all Sporcle quizzes.
OR
Log In
Forgot?

From the Vault

Explain a Film Plot Badly

by flibbidy

Seriously? Did you even watch these movies?
Remove Ads.
Support Sporcle.
Get the best of Sporcle when you Go Orange. This ad-free experience offers more features, more stats, and more fun while also helping to support Sporcle. Thank you for becoming a member.

Show Comments

Extras

Top Quizzes Today


Score Distribution

Your Account Isn't Verified!

In order to create a playlist on Sporcle, you need to verify the email address you used during registration. Go to your Sporcle Settings to finish the process.

Report this User

Report this user for behavior that violates our Community Guidelines.

Details: